Pretty Little Liars: Notes from 'A' Quiz Stats

 Plays Quiz Updated Aug 1, 2018

Challenge
Share
Tweet
Embed
Score 0/10 Timer 04:00
2 Plays Today
A's notes Receiver % Correct
Sob! I've been replaced! You found another friend to kiss! -AEmily
98.1%
Maybe he fools around with his students all the time. A lot of teachers do... Just ask your dad! -AAria
97.3%
Since prison food makes you fat, you know what Sean's going to say? Not it! -AHanna
96.6%
A A A A A A: I already told you kissing your sister's boyfriend is WRONG.Spencer
96.6%
That's some kind of extra credit! love ya, A... p.s. wonder what your mom would think if she found out about your dad's little, uh, study buddy... and that you knew!Aria
95.8%
Covet is an easy one. When someone covets something they desire and lust after it. Usually it's something they can't have. You've always had that problem, though, haven't you? -ASpencer
94.9%
Remember the Kate toothbrush? Thought so! -AHanna
93.8%
Surprise! I wonder what your pig puppet will have to say about this... -AAria
93.8%
Even daddy doesn't love you best! -AHanna
93.7%
I'm still here, bitches. And I know everything. -AAll of the girls
89.9%

You're not logged in!

Compare scores with friends on all Sporcle quizzes.
Join for Free
OR
Log In

You Might Also Like...

Show Comments

Extras

Top Quizzes Today


Score Distribution

Your Account Isn't Verified!

In order to create a playlist on Sporcle, you need to verify the email address you used during registration. Go to your Sporcle Settings to finish the process.

Report this User

Report this user for behavior that violates our Community Guidelines.

Details: